[Event "Euskadi-chT (Vasca) Div 1st"]
[Site "Bergara"]
[Date "2011.01.15"]
[Round "2.4"]
[White "Sadusea, Johnny Fernando"]
[Black "Ingunza Lopez, Txema"]
[Result "1/2-1/2"]
[WhiteElo "2137"]
[BlackElo "2002"]
[PlyCount "74"]
[EventDate "2011.01.08"]
[EventType "team-tourn"]
[EventRounds "9"]
[EventCountry "ESP"]
[SourceTitle "EXT 2024"]
[Source "ChessBase"]
[SourceDate "2023.10.10"]
[SourceVersion "1"]
[SourceVersionDate "2023.10.10"]
[SourceQuality "1"]

1. e4 c5 2. Nf3 e6 3. b3 Nc6 4. Bb2 Nf6 5. e5 Nd5 6. Nc3 Nxc3 7. Bxc3 Be7 8. Bb5 0-0 9. 0-0 a6 10. Bxc6 dxc6 11. d3 b5 12. Nd2 Bb7 13. Ne4 Qd5 14. Qg4 Kh8 15. Rfe1 Rad8 16. Nf6 Bxf6 17. exf6 g6 18. Re5 Qd6 19. Rh5 Rfe8 20. Rh6 Qf8 21. Qh4 Qg8 22. f4 Rd5 23. Be5 g5 24. Qh5 c4 25. bxc4 bxc4 26. d4 c5 27. c3 gxf4 28. Qh3 cxd4 29. cxd4 Rb5 30. Rh4 Qg6 31. Rxf4 Rg8 32. Rf2 Rb1+ 33. Rxb1 Qxb1+ 34. Rf1 Qe4 35. Rf2 Qe1+ 36. Rf1 Qe4 37. Rf2 Qe1+ 1/2-1/2

[Event "Benidorm op 22nd"]
[Site "Benidorm"]
[Date "2009.04.24"]
[Round "1"]
[White "Ingunza Lopez, Txema"]
[Black "Berg, Emanuel"]
[Result "0-1"]
[WhiteElo "1994"]
[BlackElo "2610"]
[PlyCount "66"]
[EventDate "2009.04.24"]
[EventType "swiss"]
[EventRounds "10"]
[EventCountry "ESP"]
[SourceTitle "CBM 130 Extra"]
[Source "ChessBase"]
[SourceDate "2009.07.02"]
[SourceVersion "2"]
[SourceVersionDate "2009.07.15"]
[SourceQuality "1"]

1. e4 e6 2. d4 d5 3. Nd2 Nf6 4. e5 Nfd7 5. Bd3 c5 6. c3 Nc6 7. Ne2 cxd4 8. cxd4 f6 9. exf6 Nxf6 10. Nf3 Bd6 11. 0-0 Qc7 12. Bg5 0-0 13. Rc1 h6 14. Bh4 Nh5 15. Bg3 Nxg3 16. hxg3 a6 17. Bb1 g5 18. Qd3 Qg7 19. a3 Bd7 20. Nc3 g4 21. Nh2 h5 22. Rcd1 Rf6 23. Ne2 Raf8 24. f3 gxf3 25. Rxf3 Ne7 26. Rxf6 Rxf6 27. Rf1 Bb5 28. Qe3 Bxe2 29. Qxe2 Qxg3 30. Nf3 Nc6 31. Qd3 Qg7 32. Bc2 Rf4 33. Rd1 Nxd4 0-1

[Event "Isla de La Palma U2300 op"]
[Site "Isla de la Palma"]
[Date "2005.06.04"]
[Round "2.21"]
[White "Ingunza Lopez, Txema"]
[Black "Perez Felipe, Marcos Adrian"]
[Result "0-1"]
[WhiteElo "2041"]
[BlackElo "2158"]
[PlyCount "106"]
[EventDate "2005.06.03"]
[EventType "swiss"]
[EventRounds "9"]
[EventCountry "ESP"]
[SourceTitle "EXT 2024"]
[Source "ChessBase"]
[SourceDate "2023.10.10"]
[SourceVersion "1"]
[SourceVersionDate "2023.10.10"]
[SourceQuality "1"]

1. e4 c5 2. Nf3 d6 3. d4 cxd4 4. Nxd4 Nf6 5. Nc3 a6 6. Bg5 e6 7. f4 b5 8. e5 dxe5 9. fxe5 Qc7 10. exf6 Qe5+ 11. Be2 Qxg5 12. Qd3 Bb7 13. Ne4 Qh4+ 14. Ng3 Nd7 15. 0-0-0 Nxf6 16. Kb1 Be7 17. Bf3 Bxf3 18. Qxf3 0-0 19. Nc6 Bc5 20. Rhe1 Rac8 21. Ne4 Nxe4 22. Rxe4 Qxh2 23. Ne5 Be7 24. Re2 Rcd8 25. Nd3 Rd5 26. g4 Qd6 27. Rh1 Bg5 28. Qe4 h6 29. Ree1 Rd4 30. Qe2 Rc8 31. Rhf1 Bh4 32. Rd1 Rd8 33. Qf3 f6 34. Qe2 e5 35. b3 a5 36. Nb2 Qc5 37. Rxd4 Rxd4 38. Nd3 Qc3 39. Nb2 a4 40. Rf3 Qc5 41. Rd3 a3 42. Rxd4 Qxd4 43. Nd1 b4 44. c3 bxc3 45. Kc2 Kh8 46. Nxc3 Bg5 47. Qd3 Qxg4 48. Nb5 Qg2+ 49. Kc3 Qc6+ 50. Kb4 e4 51. Qd8+ Kh7 52. Nd4 Bd2+ 53. Kxa3 Qc5+ 0-1

[Event "Benidorm Bali op-A"]
[Site "Benidorm"]
[Date "2003.11.26"]
[Round "7"]
[White "Debitsch, Rasmus"]
[Black "Ingunza Lopez, Txema"]
[Result "0-1"]
[WhiteElo "2124"]
[BlackElo "1997"]
[PlyCount "64"]
[EventDate "2003.11.21"]
[EventType "swiss"]
[EventRounds "9"]
[EventCountry "ESP"]
[SourceTitle "CBM 097 Extra"]
[Source "ChessBase"]
[SourceDate "2004.01.13"]
[SourceVersion "1"]
[SourceVersionDate "2004.01.13"]
[SourceQuality "1"]

1. e4 d6 2. d4 Nf6 3. Nc3 g6 4. f3 Bg7 5. Be3 Nbd7 6. Qd2 0-0 7. 0-0-0 e5 8. d5 Nc5 9. h4 h5 10. Be2 Bd7 11. Nh3 a6 12. Nf2 b5 13. Bg5 Kh7 14. g4 Qc8 15. Rdg1 Rg8 16. Bxf6 Bxf6 17. gxh5 gxh5 18. f4 Bg4 19. Bxg4 hxg4 20. f5 g3 21. Qe2 Qf8 22. Ng4 Rxg4 23. Qxg4 Qh6+ 24. Kb1 Rg8 25. Qg5 Bxg5 26. hxg5 Rxg5 27. Rxh6+ Kxh6 28. b4 Nd7 29. Kc1 Kh5 30. Rh1+ Kg4 31. Rh7 Kf3 32. Kd2 Nf6 0-1

[Event "Benidorm Bali op-A"]
[Site "Benidorm"]
[Date "2003.11.24"]
[Round "5"]
[White "Carnicero Rodriguez, Luis Carlos"]
[Black "Ingunza Lopez, Txema"]
[Result "1-0"]
[WhiteElo "2146"]
[BlackElo "1997"]
[PlyCount "52"]
[EventDate "2003.11.21"]
[EventType "swiss"]
[EventRounds "9"]
[EventCountry "ESP"]
[SourceTitle "CBM 097 Extra"]
[Source "ChessBase"]
[SourceDate "2004.01.13"]
[SourceVersion "1"]
[SourceVersionDate "2004.01.13"]
[SourceQuality "1"]

1. Nf3 Nf6 2. c4 g6 3. Nc3 Bg7 4. e4 d6 5. d4 0-0 6. Be2 e5 7. 0-0 Nc6 8. d5 Ne7 9. b4 Nh5 10. Re1 f5 11. Ng5 Nf6 12. Bf3 f4 13. c5 h6 14. Ne6 Bxe6 15. dxe6 dxc5 16. bxc5 Qxd1 17. Bxd1 Nc6 18. Rb1 b6 19. Bb3 Rfe8 20. Nd5 Rac8 21. Ba4 Nd4 22. Bxe8 Rxe8 23. Nxc7 Rc8 24. cxb6 axb6 25. Nd5 Nxd5 26. exd5 b5 1-0

[Event "ESP-ch op"]
[Site "Ayamonte"]
[Date "2002.10.04"]
[Round "1"]
[White "Llaneza Vega, Patricia"]
[Black "Ingunza Lopez, Txema"]
[Result "1-0"]
[WhiteElo "2312"]
[BlackElo "2042"]
[PlyCount "51"]
[EventDate "2002.10.04"]
[EventType "swiss"]
[EventRounds "9"]
[EventCountry "ESP"]
[SourceTitle "EXT 2005"]
[Source "ChessBase"]
[SourceDate "2004.11.15"]
[SourceVersion "1"]
[SourceVersionDate "2004.11.15"]
[SourceQuality "1"]

1. e4 c5 2. Nf3 e6 3. d4 cxd4 4. Nxd4 a6 5. Bd3 Bc5 6. Nb3 Ba7 7. 0-0 Nc6 8. Qe2 Qc7 9. Be3 Bxe3 10. Qxe3 Nge7 11. Nc3 b5 12. Rad1 0-0 13. f4 d6 14. Qg3 Bb7 15. f5 b4 16. Ne2 e5 17. f6 Ng6 18. h4 h5 19. Qg5 Qd8 20. Bc4 Nce7 21. fxe7 Nxe7 22. Ng3 Rc8 23. Nxh5 g6 24. Bxf7+ Rxf7 25. Rxf7 Kxf7 26. Qf6+ 1-0